000 00532nam a2200193 a 4500
005 20210219155518.0
008 060904s19992004mx r 000 0 spa d
020 _a9586482081
035 _aUPN01000146763
049 _aCG
050 4 _aF2235.3
_bT6.5
100 1 _aTorres, Mauro
245 1 0 _aModerna biografía de Simón Bolívar /
_cMauro Torres.
260 _aBogotá :
_bEcoe,
_c1999 (2004 impr.).
300 _a195 p.
440 0 _aInterés general.
_pHistoria
600 1 4 _aBOLIVAR, SIMON,
_d1783-1830
905 _aLibro
999 _c118909
_d118909